书目信息 |
| 题名: |
中医望诊与舌诊彩色图解
|
|
| 作者: | 刘文兰 主编 | |
| 分册: | ||
| 出版信息: | 北京 化学工业出版社 2018 |
|
| 页数: | 129页 | |
| 开本: | 25cm | |
| 丛书名: | ||
| 单 册: | ||
| 中图分类: | R241.2-64 , R241.25-64 | |
| 科图分类: | ||
| 主题词: | 望诊 (中医)--wang zhen ( zhong yi )--图解 , 舌诊--she zhen--图解 | |
| 电子资源: | ||
| ISBN: | 978-7-122-32404-7 | |
| 000 | 01257cam0 2200277 450 | |
| 001 | 012001000359 | |
| 005 | 20131105173847.0 | |
| 010 | @a978-7-122-32404-7@b精装@dCNY69.00 | |
| 099 | @aCAL 012018128063 | |
| 100 | @a20181016d2018 em y0chiy50 ea | |
| 101 | 0 | @achi |
| 102 | @aCN@b110000 | |
| 105 | @aa z 000yy | |
| 106 | @ar | |
| 200 | 1 | @a中医望诊与舌诊彩色图解@Azhong yi wang zhen yu she zhen cai se tu jie@d= Color illustration of inspection and tongue diagnosis of traditional Chinese medicine@f刘文兰主编@zeng |
| 210 | @a北京@c化学工业出版社@d2018 | |
| 215 | @a129页@c彩图@d25cm | |
| 330 | @a本书结合《中医诊断学》本科规划教材内容,从整体望诊、局部望诊、望舌等方面,对望诊与舌诊的内容及所主病证进行了详细介绍。同时,编者团队从多年的临床诊疗和研究资料中精选了300余副具有典型特征的望诊和舌诊照片,以及一批真实舌诊病例,方便读者直观地学习运用望诊、舌诊的基本技能。 | |
| 510 | 1 | @aColor illustration of inspection and tongue diagnosis of traditional Chinese medicine@zeng |
| 606 | 0 | @a望诊 (中医)@Awang zhen ( zhong yi )@j图解 |
| 606 | 0 | @a舌诊@Ashe zhen@j图解 |
| 690 | @aR241.2-64@v5 | |
| 690 | @aR241.25-64@v5 | |
| 701 | 0 | @a刘文兰@Aliu wen lan@4主编 |
| 801 | 0 | @aCN@b北京卓展文化@c20191020 |
| 905 | @b1195980-3@dR241.2-64@e479@f4 | |
| 中医望诊与舌诊彩色图解= Color illustration of inspection and tongue diagnosis of traditional Chinese medicine/刘文兰主编.-北京:化学工业出版社,2018 |
| 129页:彩图;25cm |
| ISBN 978-7-122-32404-7(精装):CNY69.00 |
| 本书结合《中医诊断学》本科规划教材内容,从整体望诊、局部望诊、望舌等方面,对望诊与舌诊的内容及所主病证进行了详细介绍。同时,编者团队从多年的临床诊疗和研究资料中精选了300余副具有典型特征的望诊和舌诊照片,以及一批真实舌诊病例,方便读者直观地学习运用望诊、舌诊的基本技能。 |
| ● |
| 相关链接 |
|
|
|
|
正题名:中医望诊与舌诊彩色图解
索取号:R241.2-64/479
 
预约/预借
| 序号 | 登录号 | 条形码 | 馆藏地/架位号 | 状态 | 备注 |
| 1 | 1195980 | 211959807 | 第二样本阅览室/ [索取号:R241.2-64/479] | 在馆 | |
| 2 | 1195981 | 211959816 | 第三借阅区/ [索取号:R241.2-64/479] | 在馆 | |
| 3 | 1195982 | 211959825 | 第三借阅区/ [索取号:R241.2-64/479] | 在馆 | |
| 4 | 1195983 | 211959834 | 第三借阅区/ [索取号:R241.2-64/479] | 在馆 |